02295cam a22005534i 4500003000900000005001700009008004100026035001900067035001900086040003300105082002000138100003600158245017000194264005400364300004300418336002100461337002500482338002300507505015800530526001000688526001000698526000900708526000900717526000900726526000900735526000900744526000900753526000900762526000800771526000800779526000800787526000800795526000800803541001700811650004100828650002400869650002900893700004800922700004100970700003901011910002201050942001401072949019701086994001401283596000601297999023101303980005501534952015201589PE-LiUPU20250731165601.0150625s r 000 0 d a(Sirsi) a38094 a(Sirsi) a38094 aPE-LiUPUbspacPE-LiUPUerda04a373.198bE52211 aCueva García, Anibal,eautor.10aEnciclopedia del deporte y educación física.n2 /c[editado por Luis Alfredo Bartolo Rodríguez, Wilbert Valladares Vilela, Carlo Valverde Martínez.. et al.]. 1a[Lima] :bA.F.A. Editores Importadores,c[2004?]. ap. 537-1054 :bilustraciones ;c25 cm. atext2rdacontent aunmediated2rdamedia avolume2rdacarrier0 aDiccionario enciclopédico del deporte y medicina deportiva de A - Z. -Historia de las olimpiadas. -Los juegos en la antigüedad. -Los juegos modernos. aSEG44 aSEG26 aP151 aP150 aP149 aP146 aP145 aP126 aP125 aP92 aP75 aP74 aP27 aP15 g002-0002955;04aEducación físicavEnciclopedias.04aMedicina deportiva.04aDeportesvEnciclopedias.1 aBartolo Rodríguez, Luis Alfredo,eeditor.1 aValladares Vilela, Wilbert,eeditor.1 aValverde Martinez, Carlo,eeditor. bjvclchd20070817 2ddccBOOK aRC 373.198 E5 2wDEWEYc1i57244lRCmBULp46.00r0sYtBOOKu2015-6-25xBIBLIOTECAzUNKNOWN0COMPRAo.CIRCNOTE. No olvidar cambiar la fecha de devolución!!!!!!!o.STAFF. Colección General aC0bPEPRU a1 aRC 373.198 E5 2wDEWEYc46340i57244d46340f2021-11-9g5lCCODEBUL1mBULp46.00q2r1sYtBOOKu2015-6-25xEDUCACIONzUNKNOWN0COMPRAo.CIRCNOTE. No olvidar cambiar la fecha de devolución!!!!!!!o.STAFF. Colección General 81gALBERTO SANCHEZ Responsable de Automatización r2025-12-02 00:00:00i6l0oRC 373.198 E5 2p57244te1v51.00w2015-06-25xPGyREF102ddc50718REFfP90aBULbBULcREFd2015-06-25eCOMPRAg46.00